Translate Ways to Say Hello - Statistics

General Stats
  • This quiz has been taken 141 times
  • The average score is 14 of 20
Answer Stats
Native Hello Language % Correct
¡Hola! Spanish
100%
Hello! English
98%
Bonjour! (Salut!) French
98%
Ciao! Italian
95%
Здравствуйте! (Zdravstvuyte!) Russian
93%
こんにちは! (Kon'nichiwa!) Japanese
92%
مرحبا! (Marhba!) Arabic
85%
Hallo! German
85%
你好!(Nī hāo!) Mandarin
84%
Aloha! Hawaiian
82%
여보세요! (Yeoboseyo!) Korean
80%
Olá! Portuguese
76%
नमस्कार! (Namaskaar!) Hindi
74%
Γειά σου! (Geiá sou!) Greek
72%
שלום! Hebrew
65%
Xin chào! Vietnamese
45%
Salve! Latin
35%
ሰላም! (Selami!) Amharic
22%
Dia dhuit! Irish
20%
नमस्ते! (Namastē!) Nepali
19%
No matching quizzes found
Score Distribution
Percent of People with Each Score
Percentile by Number Answered
Your Score History
You have not taken this quiz